Decentralisation, corruption and social capital : (Record no. 10176)

MARC details
000 -LEADER
fixed length control field 00759 a2200205 4500
010 ## - LIBRARY OF CONGRESS CONTROL NUMBER
LC control number ENG-89168
020 ## - INTERNATIONAL STANDARD BOOK NUMBER
International Standard Book Number 9788178298306
Terms of availability 495.00
035 ## - SYSTEM CONTROL NUMBER
System control number EN-72701
037 ## - SOURCE OF ACQUISITION
Source of stock number/acquisition DBAD / PUB
082 14 - DEWEY DECIMAL CLASSIFICATION NUMBER
Classification number 320.80954
090 ## - LOCALLY ASSIGNED LC-TYPE CALL NUMBER (OCLC); LOCAL CALL NUMBER (OCLC)
-- 10440
-- 10440
100 ## - MAIN ENTRY--PERSONAL NAME
Personal name Widmalm, Sten
245 1# - TITLE STATEMENT
Title Decentralisation, corruption and social capital :
Statement of responsibility, etc by Sten Widmalm
Remainder of title from India to the West /
260 ## - PUBLICATION, DISTRIBUTION, ETC. (IMPRINT)
Place of publication, distribution, etc New Delhi
Name of publisher, distributor, etc Sage Publications
Date of publication, distribution, etc 2008
270 ## - ADDRESS
Address B1/11, Mohan Cooperative Industrial Area, Mathura Road
City New Delhi
Postal code 110 044
300 ## - PHYSICAL DESCRIPTION
Extent 229p.
Dimensions 21cm (Hb )
500 ## - GENERAL NOTE
General note Includes bibliographical references and index
942 ## - ADDED ENTRY ELEMENTS (KOHA)
Institution code [OBSOLETE] dpl
Koha item type English Books
Call number prefix 320.80954 / WID
Holdings
Withdrawn status Lost status Source of classification or shelving scheme Damaged status Not for loan Collection code Home library Current library Source of acquisition Cost, normal purchase price Total Checkouts Full call number Barcode Date last seen Copy number Uniform Resource Identifier Cost, replacement price Price effective from Koha item type
    Dewey Decimal Classification   Not For Loan Non-fiction D.B.Act.Division D.B.Act.Division DBAD/PUB 495.00   320.80954 WID EN-72701 15/09/2008 1 11204 495.00 15/09/2008 English Books

© Delhi Public Library
Hit Counter
free hit counter